[Event "4th Lost Boys tournament, Group A"]
[Site "Antwerp"]
[Date "1997.08.04"]
[Round "4"]
[White "Nio Bertholée, Rob"]
[Black "Röder, Mathias"]
[Result "1/2-1/2"]
[WhiteElo "2340"]
[BlackElo "2435"]
[WhiteTitle "FM"]
[BlackTitle "IM"]
[Board "12"]

1. e4 c5 2. Nf3 d6 3. d4 cxd4 4. Nxd4 Nf6 5. Nc3 a6 6. Bg5 e6 7. f4 Qb6 8. a3
Nc6 9. Nb3 Be7 10. Qf3 Qc7 11. O-O-O h6 12. Bh4 g5 13. Bg3 gxf4 14. Bxf4 Ne5
15. Qf2 Ng6 16. Bxd6 Bxd6 17. Qxf6 Be5 18. Qf3 Bxh2 19. Rxh2 Qxh2 20. g3 O-O
21. Be2 Ne5 22. Qf4 Ng6 23. Qf3 Ne5 24. Qf4 Ng6 1/2-1/2

[Event "4th Lost Boys tournament, Group A"]
[Site "Antwerp"]
[Date "1997.08.04"]
[Round "4"]
[White "Gershon, Alik"]
[Black "van de Mortel, Jan"]
[Result "1/2-1/2"]
[WhiteElo "2420"]
[BlackElo "2320"]
[WhiteTitle "IM"]
[Source "365chess.com"]
[Board "14"]

1. e4 c5 2. Nf3 d6 3. d4 cxd4 4. Nxd4 Nf6 5. Nc3 g6 6. Be3 Bg7 7. f3 O-O 8. Qd2
Nc6 9. O-O-O Nxd4 10. Bxd4 Be6 11. Kb1 Qc7 12. h4 Rfc8 13. g4 Qa5 14. Qg5 Qc7
15. Qd2 Qa5 16. Qg5 Qc7 17. Qd2 1/2-1/2

[Event "4th Lost Boys tournament, Group A"]
[Site "Antwerp"]
[Date "1997.08.04"]
[Round "4"]
[White "Paavilainen, Jorma"]
[Black "van Mil, Johan"]
[Result "0-1"]
[WhiteElo "2315"]
[BlackElo "2420"]
[WhiteTitle "FM"]
[BlackTitle "IM"]
[Source "365chess.com"]
[Board "15"]

1. e4 g6 2. d4 Bg7 3. Nc3 c6 4. Nf3 d5 5. h3 Nh6 6. Bf4 f6 7. exd5 cxd5 8. Nb5
O-O 9. c4 Bd7 10. Qb3 dxc4 11. Qxc4+ Nf7 12. Nc7 b5 13. Qc1 e5 14. dxe5 fxe5
15. Be3 e4 16. Nd2 Nc6 17. Nxa8 Qxa8 18. Nb3 Rc8 19. Qd2 Rd8 20. Nc5 Bxh3
21. Qc1 Bg4 22. Be2 Bxe2 23. Kxe2 Nd4+ 24. Bxd4 Rxd4 25. Ne6 Rc4 26. Qf4 e3
27. Rxh7 Rc2+ 28. Kd3 Qd5+ 29. Kxc2 Qd2+ 0-1

[Event "4th Lost Boys tournament, Group A"]
[Site "Antwerp"]
[Date "1997.08.04"]
[Round "4"]
[White "Vandevoort, Pascal"]
[Black "Dutreeuw, Marc"]
[Result "1/2-1/2"]
[WhiteElo "2315"]
[BlackElo "2400"]
[WhiteTitle "FM"]
[BlackTitle "IM"]
[Source "365chess.com"]
[Board "16"]

1. c4 e6 2. Nf3 Nf6 3. g3 d5 4. b3 Be7 5. Bg2 O-O 6. O-O b6 7. Bb2 Bb7 8. d3
Nbd7 9. Nc3 a6 10. e3 Ra7 11. Qe2 Qa8 12. Rfd1 Rd8 13. cxd5 Nxd5 14. Nxd5 Bxd5
15. Rac1 c5 16. e4 Bc6 17. Ne1 Nf8 18. d4 cxd4 19. Bxd4 Rad7 20. Bxb6 Rxd1
21. Rxd1 Rxd1 22. Qxd1 Bxe4 23. Bf1 Bb7 24. Qd2 Qc8 25. Bd4 Nd7 26. Qc3 Qxc3
27. Bxc3 f6 28. Nd3 Kf7 29. Be2 Bd6 30. Kf1 Ke7 31. Ke1 e5 32. Nb2 Bc5 33. Na4
Bd6 34. Nb2 Bc5 35. Na4 Bd6 1/2-1/2

[Event "4th Lost Boys tournament, Group A"]
[Site "Antwerp"]
[Date "1997.08.04"]
[Round "4"]
[White "Delemarre, Jop"]
[Black "Abolianin, Arthur"]
[Result "1-0"]
[WhiteElo "2395"]
[BlackElo "2315"]
[WhiteTitle "IM"]
[Source "http://www.lostcity.nl/chess/antwerp97/games.html"]
[Board "17"]

1. d4 d6 2. Nf3 g6 3. Bg5 Bg7 4. c3 c6 5. e4 Qb6 6. Nbd2 Nf6 7. Qc2 Nbd7 8. Bd3
Nf8 9. h3 Ne6 10. Be3 Qc7 11. O-O Bd7 12. b4 Nh5 13. Rfd1 O-O 14. Nb3 Nef4
15. Bf1 f5 16. e5 Nd5 17. Bd2 Qc8 18. Re1 Kh8 19. c4 Nc7 20. Bg5 Rf7 21. Qd2 d5
22. Nc5 Be6 23. Rac1 dxc4 24. Nxe6 Qxe6 25. Bxc4 Nd5 26. Bxd5 Qxd5 27. e6 Rff8
28. Bxe7 Rfe8 29. Rc5 Rxe7 30. Rxd5 cxd5 31. Qc1 Nf6 32. Qc5 Bf8 33. Qb5 Rc8
34. g3 Kg7 35. Ne5 Rcc7 36. Nd3 Rc4 37. Nf4 Rxd4 38. a3 g5 39. Ng2 Kg6 40. Qc5
Rd2 41. Qc8 Bg7 42. Qd8 Re8 43. Qc7 Ra2 44. Qf7+ Kh6 45. Ne3 1-0

[Event "4th Lost Boys tournament, Group A"]
[Site "Antwerp"]
[Date "1997.08.04"]
[Round "4"]
[White "Barsov, Alexei"]
[Black "Van Beers, Eddy"]
[Result "1-0"]
[WhiteElo "2445"]
[BlackElo "2275"]
[WhiteTitle "IM"]
[Board "22"]

1. d4 f5 2. g3 Nf6 3. Bg2 g6 4. Nh3 Bg7 5. Nf4 Nc6 6. h4 Ng4 7. c3 e5 8. dxe5
Ncxe5 9. Nd2 c6 10. Nf3 d6 11. O-O O-O 12. Qb3+ d5 13. Nxe5 Nxe5 14. Rd1 Qb6
15. Be3 Qxb3 16. axb3 a6 17. Bd4 Re8 18. e3 Be6 19. b4 Bf7 20. b3 h6 21. Nd3
Nxd3 22. Rxd3 g5 23. Kf1 Kh7 24. Bf3 Rf8 25. Ke2 Bg6 26. Bxg7 Kxg7 27. Rd4 Rae8
28. Kd2 Re7 29. Rg1 Rc8 30. Rc1 Bf7 31. Ra1 Kf6 32. Ra5 Re5 33. c4 dxc4 34. bxc4
Rxa5 35. bxa5 Ke7 36. Kc3 Rc7 37. c5 Rd7 38. Rxd7+ Kxd7 39. Kd4 Ke6 40. e4 Bg6
41. e5 Bf7 42. Be2 Ke7 43. e6 Bxe6 44. hxg5 hxg5 45. Ke5 f4 46. gxf4 gxf4
47. Kxf4 Kf6 48. Bg4 Bc4 49. Bc8 Bb5 50. Ke4 Bf1 51. Bxb7 Bb5 52. f4 Ke6 53. f5+
Kf6 54. Kf4 Bd3 55. Bxc6 Bxf5 56. Bb7 Bh3 57. Bxa6 Bg2 58. Bc8 Ke7 59. a6 Bf1
60. a7 Bg2 61. Bf5 1-0

[Event "4th Lost Boys tournament, Group A"]
[Site "Antwerp"]
[Date "1997.08.05"]
[Round "5"]
[White "Ree, Hans"]
[Black "Shchekachev, Andrei"]
[Result "1/2-1/2"]
[WhiteElo "2435"]
[BlackElo "2510"]
[WhiteTitle "GM"]
[BlackTitle "GM"]
[Source "http://www.lostcity.nl/chess/antwerp97/games.html"]
[Board "2"]

1. d4 g6 2. c4 Bg7 3. e4 d6 4. Nc3 Nf6 5. Bd3 a6 6. Nge2 c5 7. d5 e5 8. f3 h5
9. O-O Nbd7 10. a3 Bh6 11. Bxh6 Rxh6 12. Qd2 Rh8 13. Rab1 h4 14. b4 Kf8 15. Na4
b6 16. bxc5 bxc5 17. Rb2 Nh5 18. Rfb1 Kg7 19. Bc2 Nf8 20. Nb6 Rb8 21. Nxc8 Rxb2
22. Rxb2 Qxc8 23. Qa5 Nh7 24. Ba4 Ng5 25. Rb3 f5 26. exf5 Qxf5 27. Rb7+ Kh6
28. Qd2 h3 29. Bd7 Qf6 30. Bxh3 Rh7 31. Rb6 e4 32. Bg4 exf3 33. Bxf3 Kg7
34. Bxh5 Rxh5 35. Qc3 Qxc3 36. Nxc3 Rh4 37. Rxd6 Rxc4 38. Ne2 Ra4 39. Rc6 Rxa3
40. Nf4 Ne4 41. h4 Nf6 42. Rxc5 a5 43. Rc7+ Kh6 44. Rc6 Kg7 45. Ra6 a4 46. d6
Ra1+ 47. Kf2 a3 48. Ra7+ Kh6 49. d7 Rd1 50. Rxa3 Rxd7 51. Ra6 Rd6 52. Rxd6 Ne4+
53. Kf3 Nxd6 54. Ne6 Kh5 55. g3 Nf5 56. Nf4+ Kh6 1/2-1/2

[Event "4th Lost Boys tournament, Group A"]
[Site "Antwerp"]
[Date "1997.08.05"]
[Round "5"]
[White "Stefanova, Antoaneta"]
[Black "Bosboom, Manuel"]
[Result "1-0"]
[WhiteElo "2450"]
[BlackElo "2430"]
[WhiteTitle "WGM"]
[BlackTitle "IM"]
[Source "http://www.lostcity.nl/chess/antwerp97/games.html"]
[Board "3"]

1. d4 Nf6 2. Nf3 g6 3. Nc3 d5 4. Bf4 c5 5. dxc5 Qa5 6. Nd2 Qxc5 7. Nb3 Qb4
8. Be5 Be6 9. e4 Nc6 10. Bb5 O-O-O 11. a3 dxe4 12. Qxd8+ Kxd8 13. axb4 Nxe5
14. Nc5 Bc8 15. Rxa7 Kc7 16. O-O e6 17. Rfa1 Kb6 18. Ra8 Bxc5 19. bxc5+ Kxc5
20. Bf1 e3 21. R8a5+ Kd6 22. Rd1+ Nd5 23. Nxd5 exf2+ 24. Kh1 exd5 25. Rdxd5+ Kc6
26. Rxe5 Bg4 27. h3 Rd8 28. Ra1 Bd1 29. Re3 1-0

[Event "4th Lost Boys tournament, Group A"]
[Site "Antwerp"]
[Date "1997.08.05"]
[Round "5"]
[White "Ljubojević, Ljubomir"]
[Black "Peker, Oleg"]
[Result "1-0"]
[WhiteElo "2565"]
[BlackElo "2370"]
[WhiteTitle "GM"]
[BlackTitle "FM"]
[Source "http://www.lostcity.nl/chess/antwerp97/games.html"]
[Board "6"]

1. d4 Nf6 2. c4 g6 3. g3 Bg7 4. Bg2 O-O 5. Nc3 d6 6. Nf3 Nbd7 7. O-O e5 8. h3
Re8 9. e4 exd4 10. Nxd4 Nc5 11. Re1 Bd7 12. Rb1 h6 13. Kh2 Qc8 14. b4 Ne6
15. Nf3 Nh7 16. Bb2 Nhg5 17. Nd5 Qd8 18. Bxg7 Kxg7 19. Ng1 Nh7 20. f4 c6 21. Nc3
Qe7 22. Qd2 Rad8 23. Rbd1 Bc8 24. Nf3 Qf6 25. Qe3 a6 26. a4 Kg8 27. a5 g5 28. f5
Nef8 29. Qd4 Nd7 30. Qxf6 Ndxf6 31. g4 Kf8 32. Rd4 Ke7 33. Red1 Nf8 34. Na4 N8h7
35. Nb6 Nf8 36. Ne1 N8d7 37. Rxd6 Nxb6 38. Rxd8 Rxd8 39. Rxd8 Kxd8 40. axb6 Nd7
41. c5 Ne5 42. Kg3 f6 43. Kf2 Nd7 44. Nd3 Ne5 45. Ke3 1-0

[Event "4th Lost Boys tournament, Group A"]
[Site "Antwerp"]
[Date "1997.08.05"]
[Round "5"]
[White "van den Doel, Erik"]
[Black "Avrukh, Boris Leonidovich"]
[Result "1/2-1/2"]
[WhiteElo "2440"]
[BlackElo "2550"]
[WhiteTitle "IM"]
[BlackTitle "GM"]
[Source "365chess.com"]
[Board "7"]

1. e4 d6 2. d4 g6 3. Nf3 Bg7 4. Bd3 Nf6 5. O-O O-O 6. c3 Nc6 7. Re1 e5 8. h3
Nd7 9. Bg5 Qe8 10. Na3 h6 11. Bh4 a6 12. Bf1 f5 13. exf5 gxf5 14. dxe5 Ndxe5
15. Nxe5 dxe5 16. f4 e4 17. Be2 Be6 18. Bh5 Bf7 19. Bxf7+ Qxf7 20. Qb3 b5
21. Nc2 Na5 22. Qxf7+ Rxf7 23. a4 Nb3 24. Ra3 bxa4 25. Bf2 Rd7 26. Ne3 Bf8
27. Rxa4 Nc5 28. Ra5 Nd3 29. Rd1 Rb8 30. b4 c5 31. Nxf5 cxb4 32. cxb4 Rxb4
33. Rxa6 Rb2 34. Be3 Rc7 35. Rg6+ Kf7 36. Rg3 Rb5 37. Nd4 Rd5 38. f5 Bd6 39. Rg4
Rc3 40. Ne2 Rc2 41. Nd4 Rc3 42. Ne6 Rxf5 43. Nd4 Rf6 44. Nb5 Bc5 45. Rxe4 Bxe3+
46. Rxe3 Rc5 47. Nd4 Nf4 48. Nf3 Re6 49. Rd7+ Kf6 50. Ra3 Re7 51. Ra6+ Ne6
52. Rdd6 Kf7 53. Kh2 Re8 54. Nd2 Re7 55. Ne4 Rc4 56. Ng3 Rc5 57. Rd3 Re5
58. Rf3+ Kg6 59. Rf4 h5 60. Rb4 Kf7 61. Rc6 Rd7 62. Rh4 Nd4 63. Rc3 Kg6 64. Rd3
Nf5 65. Rxd7 Nxh4 66. Rd6+ Kg5 67. Rd8 Ng6 68. Nf1 Re2 69. Nd2 Nh4 70. Rg8+ Kf4
71. Rf8+ Kg5 72. Nf3+ Nxf3+ 73. Rxf3 Ra2 74. Rb3 h4 75. Rb5+ Kg6 76. Rb4 Kg5
77. Rc4 1/2-1/2

[Event "4th Lost Boys tournament, Group A"]
[Site "Antwerp"]
[Date "1997.08.05"]
[Round "5"]
[White "Lobron, Eric"]
[Black "Claesen, Pieter"]
[Result "1-0"]
[WhiteElo "2540"]
[BlackElo "2415"]
[WhiteTitle "GM"]
[BlackTitle "FM"]
[Source "365chess.com"]
[Board "8"]

1. d4 Nf6 2. Nf3 c5 3. d5 e6 4. c4 b5 5. Bg5 Qa5+ 6. Nc3 Ne4 7. Bd2 Nxd2
8. Qxd2 b4 9. Ne4 Bb7 10. g4 d6 11. Bg2 exd5 12. cxd5 Qc7 13. Rc1 Nd7 14. O-O
Be7 15. Nd4 Nb6 16. Nf5 g6 17. Ng7+ Kf8 18. Qh6 Kg8 19. Rfd1 Qd8 20. Nf5 Bf8
21. Qf4 gxf5 22. gxf5 f6 23. Bf3 Kf7 24. Bh5+ Ke7 25. Nxc5 dxc5 26. d6+ Kd7
27. Rxc5 Rg8+ 28. Kf1 Bg2+ 29. Ke1 Bc6 30. Rd3 Nc8 31. Rxc6 Rg1+ 32. Kd2 Kxc6
33. Qc4+ Kb6 34. Qxb4+ Kc6 35. Bf3+ Kd7 36. Qb5# 1-0

[Event "4th Lost Boys tournament, Group A"]
[Site "Antwerp"]
[Date "1997.08.05"]
[Round "5"]
[White "de Waal, Mark"]
[Black "Wells, Peter Kenneth"]
[Result "0-1"]
[WhiteElo "2255"]
[BlackElo "2530"]
[BlackTitle "GM"]
[Source "365chess.com"]
[Board "9"]

1. d4 Nf6 2. Nf3 d5 3. Bf4 c5 4. c3 Nc6 5. e3 Qb6 6. Qb3 c4 7. Qxb6 axb6
8. Nbd2 b5 9. Be2 b4 10. O-O e6 11. Ne5 Nxe5 12. Bxe5 Nd7 13. e4 Nxe5 14. dxe5
bxc3 15. bxc3 Ra3 16. Bf3 Rxc3 17. Nb1 Rd3 18. exd5 exd5 19. Be2 Rd4 20. Nc3 Bb4
21. Nb5 Rd2 22. Bf3 O-O 23. a3 Ba5 24. Rfd1 Be6 25. Nd6 b6 26. Rac1 d4 27. Re1
c3 28. Nb7 Rb2 29. Be4 Bb3 30. f4 g6 31. g4 Rb8 32. Nxa5 bxa5 33. f5 Rd8 34. Bd3
Rd2 35. Bb5 Bd5 36. e6 fxe6 37. fxe6 Rg2+ 0-1

[Event "4th Lost Boys tournament, Group A"]
[Site "Antwerp"]
[Date "1997.08.05"]
[Round "5"]
[White "Georgiev, Kiril Dimitrov"]
[Black "Zak, Uriel"]
[Result "1-0"]
[WhiteElo "2670"]
[BlackElo "2330"]
[WhiteTitle "GM"]
[BlackTitle "IM"]
[Source "365chess.com"]
[Board "10"]

1. e4 e5 2. Nf3 Nc6 3. Bc4 Bc5 4. c3 Nf6 5. d3 O-O 6. O-O d6 7. Bb3 a6 8. Nbd2
Ba7 9. h3 Nh5 10. Nc4 Qf6 11. Ne3 Nf4 12. Kh2 Qg6 13. Nh4 Qg5 14. g3 Bxh3
15. Rh1 Bd7 16. Nef5 g6 17. gxf4 Qf6 18. Nh6+ Kh8 19. Kg2 exf4 20. Qf3 g5
21. N4f5 Ne5 22. Qh5 Bc6 23. f3 d5 24. Ng4 1-0

[Event "4th Lost Boys tournament, Group A"]
[Site "Antwerp"]
[Date "1997.08.05"]
[Round "5"]
[White "Barua, Dibyendu"]
[Black "Vandevoort, Pascal"]
[Result "1-0"]
[WhiteElo "2515"]
[BlackElo "2315"]
[WhiteTitle "GM"]
[BlackTitle "FM"]
[Board "11"]

1. e4 c5 2. Nf3 Nc6 3. d4 cxd4 4. Nxd4 Nf6 5. Nc3 e5 6. Ndb5 d6 7. Bg5 a6
8. Na3 b5 9. Nd5 Be7 10. Bxf6 Bxf6 11. c3 O-O 12. h4 Ne7 13. Nxf6+ gxf6 14. Bd3
d5 15. Qh5 d4 16. c4 Qa5+ 17. Kf1 Qb4 18. Qe2 Be6 19. cxb5 axb5 20. g3 Rfc8
21. Nxb5 Rxa2 22. Rxa2 Bxa2 23. Kg2 Be6 24. Ra1 Rb8 25. Nc7 Qxb2 26. Rb1 Qxb1
27. Bxb1 Rxb1 28. Nxe6 fxe6 29. Qa2 1-0

[Event "4th Lost Boys tournament, Group A"]
[Site "Antwerp"]
[Date "1997.08.05"]
[Round "5"]
[White "van de Mortel, Jan"]
[Black "Barsov, Alexei"]
[Result "0-1"]
[WhiteElo "2320"]
[BlackElo "2445"]
[BlackTitle "IM"]
[Source "365chess.com"]
[Board "12"]

1. d4 Nf6 2. Nf3 d5 3. c4 e6 4. cxd5 exd5 5. Nc3 c6 6. Bg5 Be7 7. Qc2 g6
8. Bxf6 Bxf6 9. e4 O-O 10. e5 Bg7 11. O-O-O a5 12. Bd3 Bh6+ 13. Kb1 Na6 14. Ka1
Nb4 15. Qe2 a4 16. a3 Nxd3 17. Qxd3 Qa5 18. h4 Bf5 19. Qe2 Qa6 20. Qe1 Bc2
21. Rd2 Bxd2 22. Qxd2 Be4 23. Ng5 Bxg2 24. Rg1 h6 25. f4 Bf1 26. Nf3 Qd3 27. Qf2
Bh3 28. h5 Bf5 29. Rh1 Bg4 30. Nh4 Bxh5 31. Rg1 Kh7 32. Rg3 Qc4 33. f5 c5 34. e6
fxe6 35. Qe3 Qxd4 36. Qxe6 g5 37. Ng6 Qf6 38. Nxf8+ Rxf8 39. Qxd5 Qxf5 40. Qxb7+
Rf7 41. Qa8 Qf1+ 42. Ka2 Qc4+ 43. Ka1 Rf1+ 44. Nb1 Bg6 45. Qb7+ Qf7 0-1

[Event "4th Lost Boys tournament, Group A"]
[Site "Antwerp"]
[Date "1997.08.05"]
[Round "5"]
[White "Röder, Mathias"]
[Black "Sawatzki, Frank"]
[Result "1-0"]
[WhiteElo "2435"]
[BlackElo "2280"]
[WhiteTitle "IM"]
[Source "365chess.com"]
[Board "13"]

1. d4 Nf6 2. c4 g6 3. Nc3 Bg7 4. e4 d6 5. Be2 O-O 6. Bg5 c5 7. d5 h6 8. Be3 e6
9. Qd2 exd5 10. exd5 Kh7 11. h3 Na6 12. Bd3 Nc7 13. a4 Na6 14. Nge2 Nb4 15. Bb1
Bf5 16. Bxf5 gxf5 17. f3 Re8 18. O-O Nd7 19. Bf4 Ne5 20. Bxe5 Bxe5 21. f4 Bh8
22. Kh2 Qf6 23. Rae1 a6 24. a5 Rg8 25. Nd1 Rae8 26. Rf3 Re4 27. b3 Qg6 28. Rg1
Rge8 29. Ndc3 Bxc3 30. Nxc3 Rd4 31. Qf2 Qf6 32. Rd1 Rxd1 33. Nxd1 Re4 34. Nc3
Rd4 35. Qe2 Kg7 36. Qe8 Rd3 37. Rxd3 Nxd3 38. Ne2 Qb2 39. Ng3 Qf2 40. Nh5+ 1-0

[Event "4th Lost Boys tournament, Group A"]
[Site "Antwerp"]
[Date "1997.08.05"]
[Round "5"]
[White "Cools, Gorik"]
[Black "Gershon, Alik"]
[Result "1-0"]
[WhiteElo "2300"]
[BlackElo "2420"]
[BlackTitle "IM"]
[Source "365chess.com"]
[Board "14"]

1. e4 c5 2. Nc3 Nc6 3. Bb5 Nd4 4. Nf3 e6 5. Nxd4 cxd4 6. Ne2 Qg5 7. Bd3 Qxg2
8. Ng3 Qh3 9. c3 Bc5 10. Qa4 dxc3 11. bxc3 Qg2 12. Rf1 Qxh2 13. Be2 Bxf2+
14. Rxf2 Qxg3 15. Ba3 Ne7 16. Bh5 g6 17. Qd4 Rf8 18. Bd6 Qg5 19. Be2 Rg8
20. O-O-O Nc6 21. Qd3 Rg7 22. Rdf1 b6 23. Qg3 f5 24. Rg2 Qf6 25. exf5 Bb7
26. Qe3 O-O-O 27. fxg6 Qh4 28. Rh2 Qa4 29. gxh7 Qxa2 30. Bd3 Qa1+ 31. Bb1 Rxh7
32. Rxh7 Na5 33. Rh4 Bc6 34. Qg5 Re8 35. Qg6 Ba4 36. Qxe8+ Kb7 37. Qb8+ 1-0

[Event "4th Lost Boys tournament, Group A"]
[Site "Antwerp"]
[Date "1997.08.05"]
[Round "5"]
[White "Dutreeuw, Marc"]
[Black "Grooten, Herman"]
[Result "1-0"]
[WhiteElo "2400"]
[BlackElo "2225"]
[WhiteTitle "IM"]
[Source "365chess.com"]
[Board "16"]

1. e4 e6 2. d4 d5 3. Nc3 Nf6 4. e5 Nfd7 5. f4 c5 6. Nf3 Nc6 7. Be3 a6 8. Qd2 b5
9. dxc5 Bxc5 10. Bxc5 Nxc5 11. O-O-O b4 12. Ne2 Ne4 13. Qe3 Qa5 14. Kb1 Rb8
15. Nfd4 Nxd4 16. Nxd4 Qb6 17. Ka1 Bd7 18. Bd3 Nc5 19. f5 Nxd3 20. fxe6 fxe6
21. cxd3 O-O 22. Rhf1 a5 23. Rf3 Rxf3 24. gxf3 Rc8 25. Rg1 Be8 26. Qg5 Bg6
27. Ne2 Rf8 28. d4 a4 29. Nf4 Rf5 30. Qg4 a3 31. Nxg6 axb2+ 32. Kb1 hxg6
33. Qxg6 Rf7 34. Qd3 Rf4 35. Rg4 Rxg4 36. fxg4 Qd8 37. Kxb2 Qh4 38. h3 Qe1
39. Kb3 Kh8 40. Ka4 Kg8 41. g5 Kf7 42. g6+ Ke7 43. Qb3 Qe4 44. Qxb4+ Ke8
45. Qb8+ 1-0

[Event "4th Lost Boys tournament, Group A"]
[Site "Antwerp"]
[Date "1997.08.05"]
[Round "5"]
[White "Jonkman, Harmen"]
[Black "Pel, Bonno"]
[Result "0-1"]
[WhiteElo "2365"]
[BlackElo "2150"]
[WhiteTitle "FM"]
[Source "http://www.lostcity.nl/chess/antwerp97/games.html"]
[Board "17"]

1. e4 d6 2. d4 Nf6 3. Nc3 g6 4. f4 Bg7 5. Bd3 O-O 6. Nf3 Na6 7. O-O c5 8. d5
Bg4 9. Kh1 Rb8 10. Qe2 Nc7 11. a4 a6 12. a5 e6 13. h3 exd5 14. hxg4 c4 15. Bxc4
dxc4 16. Qxc4 Nxg4 17. Bd2 Ne6 18. g3 Rc8 19. Qb4 Qd7 20. Rae1 Rc5 21. Kg2 Re8
22. Re2 Nd8 23. Qa3 Nc6 24. b4 Rc4 25. Nd5 Rcxe4 26. Rxe4 Rxe4 27. Qd3 Qe6
28. Re1 Rxe1 29. Nxe1 Bd4 30. c4 Nf2 31. f5 Nxd3 32. fxe6 Nxe1+ 33. Bxe1 fxe6
34. Nc7 Kf7 35. b5 Nb8 36. Kf3 Ke7 37. Ke4 Bg1 38. Kf4 Bd4 39. Bd2 Be5+ 40. Kg4
d5 41. Bg5+ Kd7 42. Na8 axb5 43. cxb5 Bc3 44. Nb6+ Ke8 45. Bf4 Nd7 46. Nxd7 Kxd7
47. a6 bxa6 48. bxa6 Kc6 49. Kg5 Bg7 0-1

[Event "4th Lost Boys tournament, Group A"]
[Site "Antwerp"]
[Date "1997.08.07"]
[Round "6"]
[White "Nijboer, Friso"]
[Black "Ree, Hans"]
[Result "1-0"]
[WhiteElo "2605"]
[BlackElo "2435"]
[WhiteTitle "GM"]
[BlackTitle "GM"]
[Source "http://www.lostcity.nl/chess/antwerp97/games.html"]
[Board "4"]

1. e4 c5 2. Nf3 Nc6 3. d4 cxd4 4. Nxd4 g6 5. c4 Bg7 6. Be3 Nf6 7. Nc3 O-O
8. Be2 d6 9. O-O Bd7 10. Qd2 Nxd4 11. Bxd4 Bc6 12. f3 a5 13. b3 Nd7 14. Bf2 Nc5
15. Rab1 b6 16. Bd1 e6 17. a3 Qc7 18. b4 axb4 19. axb4 Nd7 20. Bb3 Rfd8 21. Rfc1
Qb8 22. Nb5 Ne5 23. Qe2 Be8 24. Bg3 Nc6 25. Qd2 Bf8 26. Rd1 Ne5 27. Bh4 Bxb5
28. cxb5 Rc8 29. Qe2 Ra3 30. f4 Nd7 31. f5 exf5 32. exf5 Ne5 33. fxg6 hxg6
34. Bg3 Rc3 35. Bd5 Rxg3 36. hxg3 Rxg3 37. Qf2 Rc3 38. Rf1 Qc7 39. Rbe1 Bg7
40. Qh4 Rd3 41. Ra1 Rc3 42. Qf2 Qb8 43. Rab1 Rc7 44. Ra1 Bf8 45. Rab1 Rc3
46. Rbe1 Qc7 47. Rxe5 Bh6 48. Qg3 dxe5 49. Qf2 Kg7 50. Bxf7 Kh7 51. Qf6 1-0

[Event "4th Lost Boys tournament, Group A"]
[Site "Antwerp"]
[Date "1997.08.07"]
[Round "6"]
[White "Bosboom, Manuel"]
[Black "Barua, Dibyendu"]
[Result "0-1"]
[WhiteElo "2430"]
[BlackElo "2515"]
[WhiteTitle "IM"]
[BlackTitle "GM"]
[Source "http://www.lostcity.nl/chess/antwerp97/games.html"]
[Board "8"]

1. d4 f5 2. g3 Nf6 3. Bg2 g6 4. Nf3 Bg7 5. O-O O-O 6. b4 Ne4 7. Bb2 a5 8. a3 d6
9. Nbd2 c6 10. c4 axb4 11. axb4 Rxa1 12. Bxa1 d5 13. Qb3 Nxd2 14. Nxd2 Be6
15. c5 Na6 16. e3 Nc7 17. Bc3 g5 18. f4 h6 19. Ra1 Qe8 20. Nf3 Qh5 21. Be1 Nb5
22. Bf2 Bf6 23. Qd3 Rb8 24. Ra5 Qe8 25. Nd2 Ra8 26. Nb3 Na3 27. Qc3 Nc4 28. Ra1
Rxa1+ 29. Qxa1 Qh5 30. Qe1 gxf4 31. exf4 Bf7 32. h3 Nb2 33. Na5 Nd3 34. Qd2 Nxf2
35. Kxf2 Qg6 36. Nxb7 Qg7 37. Nd8 Bxd4+ 38. Kf1 Bc3 39. Qd3 Bxb4 40. Nxc6 Qa1+
41. Ke2 Qe1+ 42. Kf3 Bxc5 43. Nd4 Qg1 0-1

[Event "4th Lost Boys tournament, Group A"]
[Site "Antwerp"]
[Date "1997.08.07"]
[Round "6"]
[White "Barsov, Alexei"]
[Black "Cools, Gorik"]
[Result "1-0"]
[WhiteElo "2475"]
[BlackElo "2300"]
[WhiteTitle "IM"]
[Source "http://www.lostcity.nl/chess/antwerp97/games.html"]
[Board "9"]

1. d4 Nf6 2. Nf3 g6 3. Nc3 d5 4. Bf4 Bg7 5. e3 O-O 6. Be2 c5 7. dxc5 Qa5 8. Nd2
Qxc5 9. Nb3 Qb6 10. a4 Nc6 11. a5 Qd8 12. O-O Ne4 13. Nxd5 Be6 14. Nc7 Bxb3
15. Nxa8 Qxd1 16. Raxd1 Bxc2 17. Rc1 Nb4 18. a6 bxa6 19. Nc7 Bd3 20. Bxd3 Nxd3
21. Rc6 Bxb2 22. Bh6 Bg7 23. Bxg7 Kxg7 24. f3 Nd2 25. Ra1 Rb8 26. Rc3 Ne5
27. Ra2 Rb1+ 28. Kf2 Ng4+ 29. Ke2 Nb3 30. fxg4 Nc1+ 31. Rxc1 Rxc1 32. Nxa6 Rc4
33. h3 Kf6 34. Kd3 Rc1 35. Nb4 Rg1 36. Nd5+ Kg5 37. Nxe7 Kh4 38. Nd5 Kg3 39. Nf4
Rd1+ 40. Ke4 Rd7 41. Nd5 Rd6 42. Rxa7 Kxg2 43. Rxf7 Kxh3 44. Rxh7+ Kxg4 45. Ke5
Rd8 46. e4 g5 47. Nf6+ 1-0

[Event "4th Lost Boys tournament, Group A"]
[Site "Antwerp"]
[Date "1997.08.07"]
[Round "6"]
[White "Nio Bertholée, Rob"]
[Black "van den Doel, Erik"]
[Result "0-1"]
[WhiteElo "2340"]
[BlackElo "2440"]
[WhiteTitle "FM"]
[BlackTitle "IM"]
[Source "http://www.lostcity.nl/chess/antwerp97/games.html"]
[Board "10"]

1. e4 c5 2. Nf3 d6 3. d4 cxd4 4. Nxd4 Nf6 5. Nc3 a6 6. Bg5 Nc6 7. f4 Qb6 8. Nb3
Qe3+ 9. Qe2 Qxe2+ 10. Bxe2 e6 11. Bf3 Nd7 12. Bh4 h6 13. O-O-O Rg8 14. Bf2 Kd8
15. a4 Kc7 16. Nd4 Rb8 17. h4 b6 18. Nxc6 Kxc6 19. Rd4 Kc7 20. Rc4+ Kd8 21. h5
Be7 22. Bh4 Bxh4 23. Rxh4 Ke7 24. Rh1 Bb7 25. Rd1 Rgd8 26. Rcd4 Nf8 27. e5 Bxf3
28. exd6+ Rxd6 29. Rxd6 Bxd1 30. Rxd1 Rc8 31. Rd4 Rc5 32. g4 f5 33. g5 Nh7
34. gxh6 gxh6 35. Ne2 Nf6 36. Ng3 Rc8 37. Rd3 Rc4 38. a5 bxa5 39. Rf3 a4 40. c3
Rc8 41. Kc2 a5 42. Kd3 Rb8 43. Kc2 Nd5 44. Ne2 Rg8 45. c4 Rc8 46. Kd3 Nb6
47. Rg3 Nxc4 48. Rg7+ Kd6 49. Rb7 Kc6 50. Rh7 Nxb2+ 51. Kc2 a3 52. Rxh6 Kd5+
53. Kb3 Rb8+ 54. Ka2 Nc4 55. Nc3+ Kd4 56. Nd1 Ne3 57. Nxe3 Kxe3 58. Rxe6+ Kxf4
59. Kxa3 Kg5 60. h6 Rh8 61. Ka4 Rxh6 62. Re1 Ra6 63. Rg1+ Kf6 64. Rf1 Ra8
65. Rf2 Kg5 66. Kb3 a4+ 67. Kc3 a3 68. Ra2 Kg4 69. Kd2 Kg3 70. Ke2 f4 71. Kf1 f3
72. Kg1 Rb8 73. Rg2+ Kf4 74. Rf2 Rb1+ 75. Rf1 a2 76. Kf2 Rxf1+ 77. Kxf1 a1=Q+
78. Kf2 Qa2+ 79. Kg1 Qg2# 0-1

[Event "4th Lost Boys tournament, Group A"]
[Site "Antwerp"]
[Date "1997.08.07"]
[Round "6"]
[White "Pel, Bonno"]
[Black "Röder, Mathias"]
[Result "0-1"]
[WhiteElo "2150"]
[BlackElo "2435"]
[BlackTitle "IM"]
[Source "365chess.com"]
[Board "11"]

1. Nc3 c5 2. Nf3 Nf6 3. d4 cxd4 4. Nxd4 d5 5. Bg5 Nbd7 6. e3 h6 7. Bh4 e6
8. Be2 Be7 9. Bg3 a6 10. O-O Qb6 11. Nb3 O-O 12. Qd3 Bb4 13. Bf3 Bd6 14. Bxd6
Qxd6 15. Be2 b5 16. Rad1 Qc7 17. Qd4 Bb7 18. a4 e5 19. Qh4 bxa4 20. Qxa4 a5
21. Bf3 Nb6 22. Qa3 Rfc8 23. Nb5 Qb8 24. Nd6 Rxc2 25. Nxb7 Qxb7 26. Nxa5 Qc7
27. Ra1 Nc4 28. Qa4 Nxb2 29. Qb4 e4 30. Bd1 Nxd1 31. Rfxd1 Ng4 32. g3 Rxf2
33. Rxd5 Qc2 0-1